| 000 | 00818cab a2200277 4500 | ||
|---|---|---|---|
| 001 | ABS50843 | ||
| 008 | 090401t1994 xxu||||| |||| 00| 0 eng d | ||
| 035 | _a(Sirsi) u70214 | ||
| 041 | _aeng | ||
| 100 | _aRobinson, R. | ||
| 245 | 2 | _aA room with a pew | |
| 260 | _c1994 | ||
| 350 | _a0 | ||
| 490 |
_aValuer (ISVA) _v63(6) July 1994, 16-17(2) |
||
| 520 | _aReports on the procedural and practical difficulties that exist in putting redundant churches to new uses. Once overcome these properties offer good sales potential. | ||
| 650 | _aCHURCH OF ENGLAND | ||
| 650 | _aCHURCHES | ||
| 650 | _aCONVERSION | ||
| 650 | _aPASTORAL MEASURES | ||
| 650 | _aREDUNDANT BUILDINGS | ||
| 650 | _aREDUNDANT CHURCHES | ||
| 650 | _aRESIDENTIAL USE | ||
| 690 | _aCONSERVATION | ||
| 942 | _n0 | ||
| 948 | _c04/03/1997 | ||
| 999 |
_c44166 _d44166 |
||